Windows Server undocumented solutions : (رقم التسجيلة. 839)

تفاصيل مارك
000 -الفاتح
حقل البيانات ثابتة الطول 01316cam a2200337 a 4500
001 - رقم الضبط
رقم الضبط 13461030
003 - محدد رقم الضبط
رقم الضبط OSt
005 - وقت وتاريخ اخر تعامل مع التسجيلة
رقم الضبط 20150408113723.0
008 - عناصر البيانات ثابتة الطول - معلومات عامة
حقل البيانات ثابتة الطول 040116s2003 nyua 001 0 eng
010 ## - رقم ضبط مكتبة الكونجرس
رقم ضبط مكتبة الكونجرس 2004268311
015 ## - رقم الببليوجرافية الوطنية
رقم الببليوجرافية الوطنية GBA3-W5106
020 ## - الرقم الدولى المعيارى للكتب
الرقم الدولى المعيارى للكتاب 0072229411
035 ## - رقم ضبط النظام
رقم ضبط النظام (OCoLC)ocm52532332
040 ## - مصدر الفهرسة
وكالة الفهرسة الأصلية UKM
وكالة النسخ UKM
وكالة التعديل IXA
-- DLC
042 ## - رمز التحقق
رمز التحقق lccopycat
050 00 - رقم طلب مكتبة الكونجرس
رقم التصنيف QA76.76.O63
رقم المادة Y44 2003
082 00 - رقم تصنيف ديوى العشرى
رقم التصنيف 005.4/476
رقم الطبعة 22
100 1# - المدخل الرئيسى - إسم شخصى
الإسم الشخصى Yegulalp, Serdar.
9 (RLIN) 4719
245 10 - بيان العنوان
العنوان Windows Server undocumented solutions :
بقية العنوان beyond the knowledge base /
بيان المسئوليه,etc Serdar Yegulalp.
260 ## - PUBLICATION, DISTRIBUTION, ETC. (IMPRINT)
مكان الناشر او الموزع New York :
اسم الناشر او الموزع McGraw-Hill/Osborne,
تاريخ النشر أو التوزيع 2003.
300 ## - الوصف المادى
التعداد xx, 297 p. :
تفاصيل ماديه اخرى للوعاء ill. ;
أبعاد الوعاء 24 cm.
500 ## - تبصرة عامة
تبصرة عامة Includes index.
630 00 - المدخل الاضافى بالموضوع - عنوان موحد
عنوان موحد Microsoft Windows server.
9 (RLIN) 4704
650 #0 - المدخل الاضافى بالموضوع-مصطلح موضوعى
مصطلح موضوعي أو اسم جغرافي كعنصر مدخل Operating systems (Computers)
9 (RLIN) 4005
856 42 - الوصول و الموقع الالكترونى
مواد محددة Publisher description
معرف المصدر الموحد <a href="http://www.loc.gov/catdir/description/mh051/2004268311.html">http://www.loc.gov/catdir/description/mh051/2004268311.html</a>
856 41 - الوصول و الموقع الالكترونى
مواد محددة Table of contents
معرف المصدر الموحد <a href="http://www.loc.gov/catdir/toc/mh041/2004268311.html">http://www.loc.gov/catdir/toc/mh041/2004268311.html</a>
856 42 - الوصول و الموقع الالكترونى
مواد محددة Contributor biographical information
معرف المصدر الموحد <a href="http://www.loc.gov/catdir/enhancements/fy0705/2004268311-b.html">http://www.loc.gov/catdir/enhancements/fy0705/2004268311-b.html</a>
906 ## - عنصر بيانات محلى F, LDF (RLIN)
a 7
b cbc
c copycat
d 2
e ncip
f 20
g y-gencatlg
942 ## - عناصر المدخل الإضافي( كوها)
مصدر التصنيف او مخطط الترفيف Dewey Decimal Classification
Koha [default] item type كتاب
المقتنيات
حالة الفقد نموذج السعر الفعال حالة تلف ليس للاعارة رقم الطلب تاريخ الاكتساب الموقع الحالي الباركود الفرع الرئيسي Date last seen نوع المادة فى نظام كوها مصدر التصنيف او خطة الترفيف Total Checkouts
  2013-03-10     005.4476 Y S W 2011-09-21 المكتبة المركزية بالمجمعة (CL) 00047901 المكتبة المركزية بالمجمعة (CL) 2013-03-10 كتاب Dewey Decimal Classification  
  2013-03-10     005.4476 Y S W 2011-09-22 المكتبة المركزية بالمجمعة (CL) 00047902 المكتبة المركزية بالمجمعة (CL) 2013-03-10 كتاب Dewey Decimal Classification  
  2013-03-10     005.4476 Y S W 2011-09-22 المكتبة المركزية بالمجمعة (CL) 00047899 المكتبة المركزية بالمجمعة (CL) 2013-03-10 كتاب Dewey Decimal Classification  
  2013-03-10     005.4476 Y S W 2011-09-22 المكتبة المركزية بالمجمعة (CL) 00047898 المكتبة المركزية بالمجمعة (CL) 2013-03-10 كتاب Dewey Decimal Classification